The contribution of the Front Office department to the success of the hotel operation (The Case of Kempinski Hotel Corvinus Budapest)

Bibliographic Details
Main Author: Papp Richard
Other Authors: Benke Dr. Eszter
Format: Thesis
Kulcsszavak:contribution
Kempinski Hotel Corvinus Budapest
Front Office
Success
employee attitude
Online Access:http://dolgozattar.uni-bge.hu/12999

MARC

LEADER 00000nta a2200000 i 4500
001 dolg12999
005 20180301162533.0
008 171130suuuu hu om 000 eng d
040 |a BGE Dolgozattár Repozitórium  |b hun 
041 |a en 
100 1 |a Papp Richard 
245 1 4 |a The contribution of the Front Office department to the success of the hotel operation (The Case of Kempinski Hotel Corvinus Budapest)  |c Papp Richard  |h [elektronikus dokumentum] 
246 1 1 |a A Front Office részleg hozzájárulása a szálloda sikerességéhez (A Kempinski Hotel Corvinus Budapest példáján át demonstrálva) 
246 1 1 |a The contribution of the Front Office department to the success of the hotel operation (The Case of Kempinski Hotel Corvinus Budapest) 
695 |a contribution 
695 |a Kempinski Hotel Corvinus Budapest 
695 |a Front Office 
695 |a Success 
695 |a employee attitude 
700 1 |a Benke Dr. Eszter  |e ths 
856 4 0 |u http://dolgozattar.uni-bge.hu/12999/1/Dissertation%2C%20Richard%20Papp.pdf  |z Dokumentum-elérés